Statistics for 90 secs Countries of the World: by Shared Tripoints

Click here to take the quiz!

General Stats

  • This quiz has been taken 141 times
  • The average score is 108 of 133

Answer Stats

COUNTRY% Correct
Russia
100%
Azerbaijan
99%
Brazil
99%
China
99%
Poland
99%
Belarus
98%
France
98%
Kazakhstan
98%
Ukraine
98%
Angola
97%
Democratic Republic of the Congo
97%
Germany
97%
Suriname
97%
Zambia
97%
Belgium
95%
Georgia
95%
Latvia
95%
Libya
95%
Lithuania
95%
Luxembourg
95%
Mongolia
95%
North Korea
95%
Pakistan
95%
South Sudan
95%
Switzerland
95%
Afghanistan
94%
Argentina
94%
Austria
94%
Bolivia
94%
Colombia
94%
Estonia
94%
Finland
94%
Guyana
94%
Norway
94%
Republic of the Congo
94%
Tanzania
94%
Uganda
94%
Uruguay
94%
India
93%
Italy
93%
Laos
93%
Paraguay
93%
Venezuela
93%
Central African Republic
92%
Czech Republic
92%
Niger
92%
Peru
92%
Rwanda
92%
Tajikistan
92%
Turkmenistan
92%
Vietnam
92%
Algeria
91%
Andorra
91%
Burma
91%
Iran
91%
Kyrgyzstan
91%
Spain
91%
Turkey
91%
Bhutan
90%
Burundi
90%
Cameroon
90%
Mozambique
90%
Nepal
90%
Mali
89%
Sudan
89%
Bulgaria
88%
Namibia
88%
Botswana
86%
Hungary
86%
South Africa
86%
Slovakia
85%
Slovenia
85%
Romania
84%
Armenia
83%
Chad
83%
Gabon
83%
Zimbabwe
83%
Burkina Faso
82%
Ethiopia
82%
Chile
81%
Iraq
81%
Saudi Arabia
81%
Kenya
80%
Macedonia
80%
Mauritania
80%
Netherlands
80%
Eritrea
78%
Greece
78%
Nigeria
78%
Serbia
78%
Bangladesh
75%
Benin
75%
Uzbekistan
75%
Croatia
74%
Guatemala
74%
Jordan
74%
Swaziland
74%
Egypt
73%
Kosovo
73%
Montenegro
73%
Oman
73%
Syria
72%
Guinea
70%
United Arab Emirates
69%
Côte d'Ivoire
68%
Albania
67%
Belize
67%
Ecuador
67%
Mexico
67%
Yemen
67%
Senegal
66%
Kuwait
64%
Morocco
64%
Somalia
64%
Djibouti
63%
Moldova
63%
Bosnia and Herzegovina
61%
Tunisia
61%
Cambodia
60%
Thailand
57%
El Salvador
55%
Honduras
55%
Malawi
55%
Togo
53%
Ghana
51%
Guinea-Bissau
48%
Israel
47%
Liechtenstein
47%
Liberia
43%
Lebanon
42%
Sweden
42%
Equatorial Guinea
40%
Sierra Leone
39%

Score Distribution

Percentile by Number Answered

Percent of People with Each Score

Your Score History

You have not taken this quiz